[Event "OLNN 1819 Schachfreunde HH - SF Schweri"]
[Site "?"]
[Date "2018.10.21"]
[Round "1.1"]
[White "Horvath, Jozsef"]
[Black "Sawatzki, Frank"]
[Result "1/2-1/2"]
[WhiteElo "2494"]
[BlackElo "2386"]
[PlyCount "57"]
[EventDate "2018.??.??"]

1. d4 d5 2. c4 c6 3. Nf3 Nf6 4. Qb3 dxc4 5. Qxc4 Bg4 6. Nbd2 Nbd7 7. g3 e6 8.
Bg2 Be7 9. b3 O-O 10. Bb2 Rc8 11. O-O b5 12. Qc2 c5 13. Rfc1 Bh5 14. e3 Nd5 15.
Qd3 a6 16. Qf1 Bg6 17. Qe2 Nb4 18. Ne1 cxd4 19. Rxc8 Qxc8 20. Bxd4 Bf6 21. Ndf3
Bxd4 22. Nxd4 Qc3 23. Rd1 Nf6 24. e4 Bh5 25. Bf3 Bxf3 26. Nexf3 h6 27. Kg2 Nc6
28. Nxc6 Qxc6 29. Rd4 {(=)} 1/2-1/2

[Event "OLNN 1819 Schachfreunde HH - SF Schweri"]
[Site "?"]
[Date "2018.10.21"]
[Round "1.2"]
[White "Bokelbrink, Uwe"]
[Black "Seres, Lajos"]
[Result "1/2-1/2"]
[WhiteElo "2307"]
[BlackElo "2429"]
[PlyCount "50"]
[EventDate "2018.??.??"]

1. e4 c5 2. Nf3 Nc6 3. Bb5 g6 4. Bxc6 bxc6 5. O-O Bg7 6. c3 Nf6 7. Re1 O-O 8.
d4 cxd4 9. cxd4 d5 10. e5 Ne4 11. Nbd2 c5 12. Nb3 c4 13. Nc5 Nxc5 14. dxc5 Bg4
15. Qd4 Bxf3 16. gxf3 Rb8 17. b3 e6 18. Bd2 Qc7 19. Rab1 cxb3 20. Rxb3 Rfc8 21.
Rxb8 Rxb8 22. f4 h6 23. Rd1 Qc6 24. h3 Bf8 25. Be3 Rb7 {(=)} 1/2-1/2

[Event "OLNN 1819 Schachfreunde HH - SF Schweri"]
[Site "?"]
[Date "2018.10.21"]
[Round "1.3"]
[White "Kesten, Sebastian"]
[Black "Neffe, Axel"]
[Result "1-0"]
[WhiteElo "2286"]
[BlackElo "2236"]
[PlyCount "111"]
[EventDate "2018.??.??"]

1. d4 Nf6 2. Nf3 e6 3. g3 b6 4. Bg2 Bb7 5. O-O Be7 6. c4 O-O 7. Nc3 Ne4 8. Qc2
Nxc3 9. Qxc3 c5 10. Rd1 Na6 11. Be3 Qc7 12. Rac1 Nb4 13. Qb3 a5 14. Rd2 d6 15.
a4 Bc6 16. Qd1 Rfd8 17. b3 Rac8 18. d5 exd5 19. cxd5 Bd7 20. Bg5 Re8 21. h4 b5
22. axb5 Bxb5 23. e4 f6 24. Bf4 Bf8 25. Nd4 Bd7 26. Ne6 Bxe6 27. dxe6 Rcd8 28.
Bf1 Rxe6 29. Bc4 Qe7 30. Bxd6 Rdxd6 31. Rxd6 Qxd6 32. Qxd6 Bxd6 33. Bxe6+ Kf8
34. Kf1 Nc6 35. Bd5 Nd4 36. Ke1 g6 37. Kd2 Ke7 38. Kd3 Kd7 39. Kc4 Kc7 40. Bg8
h6 41. Bf7 g5 42. hxg5 hxg5 43. Rh1 Bf8 44. Bd5 Kd6 45. Ra1 Ke5 46. Rxa5 f5 47.
Ra8 Be7 48. Re8 Kd6 49. b4 Kd7 50. Ra8 fxe4 51. Ra7+ Kd8 52. bxc5 Nf3 53. Bxe4
Nd2+ 54. Kd3 Nxe4 55. Kxe4 Bxc5 56. Ra2 1-0

[Event "OLNN 1819 Schachfreunde HH - SF Schweri"]
[Site "?"]
[Date "2018.10.21"]
[Round "1.4"]
[White "Hermesmann, Hans"]
[Black "Reichmann, Hendrik"]
[Result "0-1"]
[WhiteElo "2242"]
[BlackElo "2341"]
[PlyCount "60"]
[EventDate "2018.??.??"]

1. d4 g6 2. e4 Bg7 3. c4 d6 4. Nc3 Nc6 5. Be3 e5 6. Nge2 Nh6 7. f3 f5 8. Qd2
fxe4 9. Nxe4 Nf5 10. Bg5 Qd7 11. dxe5 Nxe5 12. N2g3 O-O 13. Nxf5 gxf5 14. Nc3
Qe6 15. O-O-O Nxc4 16. Bxc4 Qxc4 17. Bh6 Bxh6 18. Qxh6 Bd7 19. Kb1 Bc6 20. Rhe1
Qf7 21. Qg5+ Qg6 22. Qf4 Rae8 23. Ne2 Qf6 24. Rc1 Qe5 25. Qc4+ d5 26. Qc5 Qxh2
27. Qxa7 Qh4 28. g3 Qb4 29. Qf2 Qd2 30. Qg1 Rxe2 0-1

[Event "OLNN 1819 Schachfreunde HH - SF Schweri"]
[Site "?"]
[Date "2018.10.21"]
[Round "1.5"]
[White "Schulz, Karsten"]
[Black "Ritscher, Jan-Paul"]
[Result "0-1"]
[WhiteElo "2257"]
[BlackElo "2240"]
[PlyCount "94"]
[EventDate "2018.??.??"]

1. d4 d5 2. Bf4 Nf6 3. e3 c5 4. c3 Nc6 5. Nf3 Qb6 6. Qc1 Bf5 7. Nbd2 cxd4 8.
exd4 Rc8 9. a3 h6 10. h3 e6 11. Be2 Ne4 12. Be3 Nxd2 13. Nxd2 Be7 14. O-O Bf6
15. Nf3 Na5 16. Nd2 Nc6 17. Nf3 Be4 18. Rd1 Na5 19. Nd2 Bg6 20. b4 Nc6 21. Nb3
Ne7 22. Nc5 Nf5 23. Bf4 Be7 24. a4 Bd6 25. Bb5+ Ke7 26. Re1 Rhd8 27. Bxd6+ Nxd6
28. Qf4 Qc7 29. Qg4 Bf5 30. Qxg7 b6 31. Bd3 bxc5 32. Bxf5 Nxf5 33. Rxe6+ Kxe6
34. Re1+ Kd7 35. Qxf7+ Kc6 36. Qxf5 cxb4 37. cxb4 Kb7 38. b5 Qd6 39. g3 Rf8 40.
Qd3 Rfe8 41. Rd1 Re4 42. Qf3 Qe6 43. Kg2 Re2 44. Kh2 Rc7 45. Rf1 Rf7 46. Qg2
Rd2 47. a5 Qe4 0-1

[Event "OLNN 1819 Schachfreunde HH - SF Schweri"]
[Site "?"]
[Date "2018.10.21"]
[Round "1.6"]
[White "Andersen, Jens Knud"]
[Black "Wolf, Christoph"]
[Result "0-1"]
[WhiteElo "2167"]
[BlackElo "2193"]
[PlyCount "118"]
[EventDate "2018.??.??"]

1. Nf3 c5 2. c4 Nc6 3. d4 cxd4 4. Nxd4 g6 5. e4 Bg7 6. Be3 Nf6 7. Nc3 O-O 8.
Be2 a5 9. O-O a4 10. Qd2 d6 11. f3 Qa5 12. Rab1 Nxd4 13. Bxd4 Be6 14. b4 axb3
15. axb3 Qb4 16. Qb2 Qa3 17. Nd5 Bxd5 18. cxd5 Qxb2 19. Rxb2 Rfc8 20. b4 Nd7
21. Bxg7 Kxg7 22. Bb5 Ne5 23. Kf2 Ra3 24. Rd1 Kf6 25. Rdd2 Rc1 26. Be2 g5 27.
Rdc2 Rc3 28. Rxc1 Rxc1 29. Ra2 Rb1 30. b5 Nd7 31. Ra8 h5 32. g3 g4 33. Rh8 gxf3
34. Kxf3 Rb3+ 35. Kg2 Rb2 36. Kf1 Nc5 37. Rxh5 Nxe4 38. Rh8 Nc3 39. Bd3 Nxd5
40. h4 Ke5 41. h5 Ne3+ 42. Ke1 Kd4 43. Be2 Nd5 44. h6 Ke3 45. Bd1 Rh2 46. Kf1
Rh1+ 47. Kg2 Rxd1 48. Re8 Rd2+ 49. Kh3 Kf3 50. Rf8 Nf6 51. Rxf7 Rd5 52. g4 Rd1
53. Kh4 Kf4 54. Kh3 Rh1+ 55. Kg2 Rxh6 56. Rxe7 Rh7 57. Re6 Ne4 58. g5 Rg7 59.
g6 Kf5 0-1

[Event "OLNN 1819 Schachfreunde HH - SF Schweri"]
[Site "?"]
[Date "2018.10.21"]
[Round "1.7"]
[White "Rittemann, Steffen"]
[Black "Kull, Florian"]
[Result "0-1"]
[WhiteElo "2173"]
[BlackElo "2179"]
[PlyCount "107"]
[EventDate "2018.??.??"]

1. e4 e6 2. d4 d5 3. Nd2 Nc6 4. Ngf3 Nf6 5. e5 Nd7 6. Be2 f6 7. exf6 Qxf6 8.
Nf1 Bd6 9. Ne3 O-O 10. O-O Qg6 11. c4 dxc4 12. Nxc4 Nb6 13. b3 Nxc4 14. bxc4
Bd7 15. Bb2 Rad8 16. Re1 e5 17. dxe5 Bb4 18. Qb3 Bxe1 19. Rxe1 Bh3 20. Bf1 Bg4
21. c5+ Kh8 22. Nh4 Qg5 23. Qg3 Qf4 24. Qxf4 Rxf4 25. g3 Rb4 26. Bc3 Ra4 27. h3
Be6 28. f4 Ne7 29. f5 Nxf5 30. Nxf5 Bxf5 31. e6 Re4 32. Rxe4 Bxe4 33. Bc4 Rd1+
34. Kf2 Rc1 35. e7 Bc6 36. Bd5 Be8 37. Bd4 Rd1 38. Ke3 Re1+ 39. Kf4 Rxe7 40.
Bxb7 c6 41. Ba6 Bf7 42. a3 Bd5 43. Bd3 Kg8 44. h4 g6 45. Be5 Rb7 46. Bc2 Rf7+
47. Kg5 Rf2 48. Bd3 Rf3 49. Bb1 Rxa3 50. Kh6 Re3 51. Bd6 a5 52. g4 a4 53. h5
Re6 54. hxg6 0-1

[Event "OLNN 1819 Schachfreunde HH - SF Schweri"]
[Site "?"]
[Date "2018.10.21"]
[Round "1.8"]
[White "Zimmermann, Martin"]
[Black "Grahl, Arvid"]
[Result "1-0"]
[WhiteElo "2136"]
[BlackElo "2179"]
[PlyCount "211"]
[EventDate "2018.??.??"]

1. d4 Nf6 2. Nf3 g6 3. g3 Bg7 4. Bg2 O-O 5. O-O d6 6. c4 Nc6 7. Nc3 a6 8. b3
Rb8 9. a4 Na5 10. Ba3 Bd7 11. Qc2 Qc8 12. Rfe1 c5 13. dxc5 dxc5 14. Rad1 b5 15.
cxb5 axb5 16. axb5 Bxb5 17. Nxb5 Rxb5 18. Rd3 Qe6 19. Nd2 Rfb8 20. Re3 Qb6 21.
Rc1 Nxb3 22. Nxb3 Rxb3 23. Bxc5 Qb5 24. Rxb3 Qxb3 25. Qxb3 Rxb3 26. Bxe7 Rb8
27. Bd6 Rd8 28. Ba3 Rb8 29. Bd6 Rd8 30. Bc7 Re8 31. Bf3 h5 32. Bf4 Ne4 33. Rc4
Nf6 34. h3 Re7 35. Kg2 Rd7 36. Rc8+ Kh7 37. Rc7 Rxc7 38. Bxc7 Nd7 39. Bd5 f5
40. f4 Bd4 41. Kf3 Nb6 42. Be6 Na4 43. g4 hxg4+ 44. hxg4 fxg4+ 45. Bxg4 Nc3 46.
Be6 Nb5 47. Bd8 Kg7 48. e3 Bb2 49. Bd5 Kf8 50. Bb6 Kg7 51. Bc6 Nd6 52. Bc5 Nf5
53. Bd7 Kf7 54. Ke4 Ne7 55. Kf3 Nf5 56. Kg4 Kf6 57. e4 Nh6+ 58. Kh4 Nf7 59. Be3
Bc3 60. Kg4 Bb2 61. Be8 Nd6 62. Bc6 Nf7 63. Bd5 Bc3 64. Bb6 Bb2 65. Bf2 Bc3 66.
Bh4+ Kg7 67. Be7 Bd4 68. Kf3 Bb2 69. Be6 Bd4 70. Ke2 Bb2 71. Kd2 Bd4 72. Bb4
Bb6 73. Bc3+ Kf8 74. Kd3 Ke7 75. Bh3 Bc7 76. Bd2 Kf6 77. Bc3+ Ke7 78. Bb4+ Kf6
79. Bc3+ Ke7 80. Ke3 Nd8 81. e5 Ne6 82. Bb4+ Kf7 83. Ke4 Bb6 84. Bd2 Nc7 85.
Bf1 Bc5 86. Ba5 Ne6 87. Bc4 Ke7 88. Bd2 Ba3 89. Kd5 Nc7+ 90. Ke4 Ne6 91. Be1
Bc1 92. Bh4+ g5 93. Bxe6 gxh4 94. Bh3 Bd2 95. f5 Bc3 96. f6+ Kf7 97. Kf5 Bb4
98. Bg4 Bc5 99. e6+ Kf8 100. Ke5 Ba3 101. Bh3 Bb2+ 102. Kf5 Ba3 103. Kg4 Bb2
104. e7+ Ke8 105. Bf1 Kf7 106. Bc4+ 1-0

[Event "OLNN 1819 FC St. Pauli II - SC Königssp"]
[Site "?"]
[Date "2018.10.21"]
[Round "1.1"]
[White "Pfreundt, Jakob"]
[Black "Trisic, Aleksandar"]
[Result "1-0"]
[WhiteElo "2358"]
[BlackElo "2322"]
[PlyCount "63"]
[EventDate "2018.??.??"]

1. e4 c5 2. Nc3 Nc6 3. Nge2 d6 4. d4 cxd4 5. Nxd4 Nf6 6. Bb5 Bd7 7. Bg5 e6 8.
O-O Be7 9. Nxc6 bxc6 10. Ba4 O-O 11. Bxf6 gxf6 12. Qh5 Kh8 13. Rad1 Rg8 14. Rd3
Rg6 15. f4 Qb6+ 16. Kh1 Rag8 17. g3 Bc8 18. Rdf3 f5 19. exf5 exf5 20. Bb3 d5
21. Na4 Qb4 22. Re3 Be6 23. c3 Qd6 24. Rd1 Rg4 25. Bc2 d4 26. Rxd4 Bd5+ 27. Kg1
Rxf4 28. Rxf4 Qxf4 29. Rxe7 Rxg3+ 30. hxg3 Qxg3+ 31. Kf1 Bc4+ 32. Re2 1-0

[Event "OLNN 1819 FC St. Pauli II - SC Königssp"]
[Site "?"]
[Date "2018.10.21"]
[Round "1.2"]
[White "Pajeken, Wolfgang"]
[Black "Zimmermann, Julian"]
[Result "0-1"]
[WhiteElo "2269"]
[BlackElo "2339"]
[PlyCount "50"]
[EventDate "2018.??.??"]

1. d4 Nf6 2. c4 e6 3. Nc3 Bb4 4. Qc2 b6 5. e4 c5 6. a3 Bxc3+ 7. bxc3 Nc6 8. e5
Ng8 9. Nf3 Ba6 10. Be3 Qc7 11. Qe4 f5 12. Qh4 Nge7 13. Qh5+ Ng6 14. Be2 cxd4
15. cxd4 b5 16. c5 Qa5+ 17. Bd2 b4 18. d5 exd5 19. Bxa6 Qxa6 20. Qxf5 Rf8 21.
Qg5 Rxf3 22. gxf3 Nd4 23. Kd1 Qe2+ 24. Kc1 Qc4+ 25. Kd1 Qc2+ 0-1

[Event "OLNN 1819 FC St. Pauli II - SC Königssp"]
[Site "?"]
[Date "2018.10.21"]
[Round "1.3"]
[White "Rosmann, Ilja"]
[Black "Priebe, Jan"]
[Result "1/2-1/2"]
[WhiteElo "2293"]
[BlackElo "2268"]
[PlyCount "53"]
[EventDate "2018.??.??"]

1. e4 c5 2. c3 d5 3. exd5 Qxd5 4. d4 Nf6 5. Nf3 Bg4 6. Be2 e6 7. Na3 Nc6 8. Be3
cxd4 9. Nb5 Rc8 10. Nbxd4 a6 11. Nxc6 Qxc6 12. O-O Bc5 13. Bxc5 Qxc5 14. Qa4+
Qc6 15. Qb4 Qe4 16. Qxe4 Nxe4 17. h3 Bh5 18. g4 Bg6 19. Ne5 Ke7 20. Rfd1 Rhd8
21. Bf3 Nd6 22. Nxg6+ hxg6 23. Rd3 b6 24. Rad1 g5 25. Kg2 a5 26. Kg3 Nc4 27.
Rxd8 {(=)} 1/2-1/2

[Event "OLNN 1819 FC St. Pauli II - SC Königssp"]
[Site "?"]
[Date "2018.10.21"]
[Round "1.4"]
[White "Richter, Maik"]
[Black "Schmidt, Jan-Peter"]
[Result "1-0"]
[WhiteElo "2208"]
[BlackElo "2238"]
[PlyCount "83"]
[EventDate "2018.??.??"]

1. e4 d6 2. d4 Nf6 3. Nc3 g6 4. Bg5 Bg7 5. Qd2 O-O 6. Bh6 c5 7. d5 Qb6 8. Bxg7
Kxg7 9. O-O-O Qa5 10. Kb1 Nbd7 11. f3 Rb8 12. h4 h5 13. g4 hxg4 14. f4 b5 15.
Qe3 b4 16. Nce2 Nb6 17. Ng3 Na4 18. Ka1 Rb6 19. N1e2 Ba6 20. e5 Bxe2 21. exf6+
exf6 22. Bxe2 Nc3 23. bxc3 bxc3 24. Ne4 Rb2 25. Bc4 Rxc2 26. Rc1 Qa4 27. Qd3
Rxc1+ 28. Rxc1 Re8 29. Nxc3 Qa3 30. Rb1 f5 31. Qd2 g3 32. Rb3 g2 33. Rxa3 g1=Q+
34. Kb2 Rb8+ 35. Rb3 Re8 36. Rb7 a5 37. Ne2 Qf2 38. Qc3+ Kg8 39. Qf6 Rxe2+ 40.
Bxe2 Qxe2+ 41. Ka1 Qd1+ 42. Rb1 1-0

[Event "OLNN 1819 FC St. Pauli II - SC Königssp"]
[Site "?"]
[Date "2018.10.21"]
[Round "1.5"]
[White "Borgmeyer, Max"]
[Black "Mitscherling, Andreas"]
[Result "1/2-1/2"]
[WhiteElo "2202"]
[BlackElo "2168"]
[PlyCount "24"]
[EventDate "2018.??.??"]

1. e4 e6 2. d4 d5 3. Nc3 Be7 4. e5 b6 5. Bf4 Ba6 6. Nce2 Nh6 7. Nf3 c5 8. c3
Nf5 9. a3 h5 10. b4 h4 11. Rb1 Bc4 12. Neg1 Bxf1 1/2-1/2

[Event "OLNN 1819 FC St. Pauli II - SC Königssp"]
[Site "?"]
[Date "2018.10.21"]
[Round "1.6"]
[White "Schuetze, Michael"]
[Black "Wolter, Michael"]
[Result "1/2-1/2"]
[WhiteElo "2187"]
[BlackElo "2170"]
[PlyCount "42"]
[EventDate "2018.??.??"]

1. Nf3 d5 2. g3 Nf6 3. Bg2 e6 4. O-O Be7 5. b3 O-O 6. Bb2 b6 7. c4 Bb7 8. d3 c5
9. e3 Nc6 10. Qe2 Qc7 11. Nc3 Rad8 12. Rfd1 a6 13. Rac1 d4 14. exd4 cxd4 15.
Nb1 Rfe8 16. Nbd2 Bf8 17. a3 a5 18. Re1 h6 19. Ne5 Nxe5 20. Qxe5 Bd6 21. Qe2
Bxg2 {(=)} 1/2-1/2

[Event "OLNN 1819 FC St. Pauli II - SC Königssp"]
[Site "?"]
[Date "2018.10.21"]
[Round "1.7"]
[White "Wagner, Friedrich"]
[Black "Grote, Dirk"]
[Result "0-1"]
[WhiteElo "2160"]
[BlackElo "2090"]
[PlyCount "68"]
[EventDate "2018.??.??"]

1. c4 c6 2. Nf3 d5 3. g3 Bg4 4. Ne5 Be6 5. cxd5 Bxd5 6. f3 Nd7 7. Nxd7 Qxd7 8.
e4 Be6 9. d4 Nf6 10. Nc3 a6 11. Na4 Rd8 12. Be3 g6 13. Qd2 Bg7 14. Qb4 b5 15.
Nc5 Qc8 16. Qa5 O-O 17. Qxa6 Qxa6 18. Nxa6 Ne8 19. Nb4 c5 20. Nc6 Ra8 21. d5
Bxb2 22. Rd1 Bd7 23. Bxb5 Bxc6 24. Bxc6 Rxa2 25. Bxc5 Bc3+ 26. Kf1 Nd6 27. Rc1
Rb8 28. Be3 Bd2 29. Bxd2 Rxd2 30. Ba4 Rbb2 31. Bd1 Nc4 32. Rg1 Ne3+ 33. Ke1
Nxd1 34. e5 Ne3 0-1

[Event "OLNN 1819 FC St. Pauli II - SC Königssp"]
[Site "?"]
[Date "2018.10.21"]
[Round "1.8"]
[White "Reuber, Artur"]
[Black "Lampe, Joerg"]
[Result "1-0"]
[WhiteElo "2190"]
[BlackElo "2118"]
[PlyCount "87"]
[EventDate "2018.??.??"]

1. c4 e6 2. Nf3 c5 3. g3 Nc6 4. b3 Nf6 5. Bg2 Be7 6. Bb2 O-O 7. O-O d5 8. cxd5
exd5 9. d4 Ne4 10. dxc5 Bxc5 11. e3 Bg4 12. Nc3 Nxc3 13. Bxc3 d4 14. exd4 Nxd4
15. Bxd4 Bxf3 16. Qxf3 Qxd4 17. Qxb7 Rad8 18. Rac1 Bb6 19. Rc2 Rd6 20. Qe4 Qxe4
21. Bxe4 f5 22. Bc6 Rfd8 23. Re1 Rd2 24. Re2 Rd1+ 25. Kg2 R8d6 26. b4 f4 27. a4
R1d3 28. Bf3 fxg3 29. hxg3 Rb3 30. Rc8+ Kf7 31. a5 Bd8 32. Rb8 Kf6 33. Rb7 a6
34. Re8 Rd4 35. b5 Rxb5 36. Rxb5 axb5 37. a6 Bb6 38. Rb8 Rd6 39. Rxb6 Rxb6 40.
a7 Ra6 41. a8=Q Rxa8 42. Bxa8 Ke5 43. Kf3 b4 44. Be4 1-0

[Event "OLNN 1819 SC Diogenes - Hamburger SK II"]
[Site "?"]
[Date "2018.10.21"]
[Round "1.1"]
[White "Gaede, Derek"]
[Black "Hochgraefe, Markus"]
[Result "1/2-1/2"]
[WhiteElo "2296"]
[BlackElo "2416"]
[PlyCount "67"]
[EventDate "2018.??.??"]

1. d4 d5 2. c4 c6 3. cxd5 cxd5 4. Bf4 Nc6 5. e3 Nf6 6. Nc3 a6 7. Be2 e6 8. Nf3
Be7 9. h3 O-O 10. O-O b5 11. a4 b4 12. Nb1 Ne4 13. Nbd2 f5 14. Rc1 Bd7 15. Nxe4
fxe4 16. Ne5 Nxe5 17. Bxe5 Rc8 18. Bxa6 Rxc1 19. Qxc1 Bxa4 20. Qa1 Bc2 21. Rc1
b3 22. Qa4 Bh4 23. g3 Bf6 24. Qc6 Qe8 25. Qxe8 Rxe8 26. Bxf6 gxf6 27. Be2 Ra8
28. Bd1 Bxd1 29. Rxd1 Rc8 30. Ra1 Rc2 31. Ra8+ Kg7 32. Ra7+ Kg6 33. Ra6 Rxb2
34. Rxe6 1/2-1/2

[Event "OLNN 1819 SC Diogenes - Hamburger SK II"]
[Site "?"]
[Date "2018.10.21"]
[Round "1.2"]
[White "Schulenburg, Fabian"]
[Black "Pajeken, Jakob Leon"]
[Result "1/2-1/2"]
[WhiteElo "2241"]
[BlackElo "2322"]
[PlyCount "98"]
[EventDate "2018.??.??"]

1. e4 e5 2. Nf3 Nc6 3. Bb5 a6 4. Ba4 Nf6 5. O-O Be7 6. Re1 b5 7. Bb3 d6 8. c3
O-O 9. h3 Nb8 10. d4 Nbd7 11. Nbd2 Bb7 12. a4 c5 13. Bc2 Qc7 14. d5 c4 15. Nf1
Nc5 16. axb5 axb5 17. Rxa8 Rxa8 18. Ng3 g6 19. Be3 Nfd7 20. h4 Ra2 21. Qc1 Qa5
22. h5 b4 23. Bb1 Ra1 24. cxb4 Qxb4 25. Qc3 Qxc3 26. bxc3 Na4 27. hxg6 hxg6 28.
Ne2 Ndc5 29. Bc2 Ra2 30. Bxa4 Nxa4 31. Nd2 Ba6 32. f3 Bd8 33. Rc1 Ba5 34. Kf1
Ra3 35. Nb1 Ra1 36. f4 f6 37. g4 Bc8 38. f5 g5 39. Kf2 Nb2 40. Kf3 Nd3 41. Rg1
Bd7 42. Nd2 Rxg1 43. Bxg1 Nb2 44. Nb1 Ba4 45. Na3 Kf7 46. Ke3 Ke7 47. Kd2 Kd7
48. Nc2 Nd3 49. Be3 Bb3 1/2-1/2

[Event "OLNN 1819 SC Diogenes - Hamburger SK II"]
[Site "?"]
[Date "2018.10.21"]
[Round "1.4"]
[White "Stephan, Axel"]
[Black "Bracker, Arne"]
[Result "1-0"]
[WhiteElo "2214"]
[BlackElo "2200"]
[PlyCount "41"]
[EventDate "2018.??.??"]

1. d4 Nf6 2. Nf3 d5 3. Bf4 c5 4. dxc5 e6 5. e3 Bxc5 6. c4 O-O 7. Nc3 Nc6 8. a3
dxc4 9. Bxc4 b6 10. Qe2 Qe7 11. Bg5 Bb7 12. Ne4 Na5 13. Bd3 Rfd8 14. O-O Nb3
15. Rad1 a5 16. Ne5 a4 17. Nxf6+ gxf6 18. Bh4 Rxd3 19. Rxd3 Kh8 20. Rd7 Rg8 21.
f3 1-0

[Event "OLNN 1819 SC Diogenes - Hamburger SK II"]
[Site "?"]
[Date "2018.10.21"]
[Round "1.5"]
[White "Bente, Bjoern"]
[Black "Korba, Roman"]
[Result "1/2-1/2"]
[WhiteElo "2228"]
[BlackElo "2128"]
[PlyCount "42"]
[EventDate "2018.??.??"]

1. d4 d5 2. c4 e6 3. Nf3 Nf6 4. g3 dxc4 5. Bg2 Bb4+ 6. Bd2 a5 7. O-O O-O 8. Qc2
Bxd2 9. Nbxd2 b5 10. a4 c6 11. b3 cxb3 12. Nxb3 b4 13. e4 Nbd7 14. Rfd1 Bb7 15.
Rac1 h6 16. Ne5 Qc7 17. Nc4 Rfd8 18. Ne3 Qb6 19. Nc4 Qc7 20. Ne3 Qb6 21. Nc4
Qc7 1/2-1/2

[Event "OLNN 1819 SC Diogenes - Hamburger SK II"]
[Site "?"]
[Date "2018.10.21"]
[Round "1.6"]
[White "Laqua, Christian"]
[Black "Hinrichs, Lars"]
[Result "1/2-1/2"]
[WhiteElo "2124"]
[BlackElo "2233"]
[PlyCount "75"]
[EventDate "2018.??.??"]

1. g3 e5 2. c4 Nf6 3. Bg2 c6 4. d4 exd4 5. Qxd4 Na6 6. Nf3 Bc5 7. Qe5+ Be7 8.
Nc3 O-O 9. O-O Re8 10. Qd4 Nc5 11. Qd1 d5 12. cxd5 cxd5 13. Bg5 Nce4 14. Bxf6
Bxf6 15. Nxd5 Bxb2 16. Rb1 Ba3 17. Rb3 Qa5 18. Nd4 Bf8 19. Rb5 Qd8 20. Qc2 a6
21. Bxe4 Rxe4 22. Qxe4 axb5 23. Nxb5 Rxa2 24. Nbc3 Rd2 25. Rd1 Rxd1+ 26. Nxd1
Bd7 27. Qe5 Bc6 28. e4 b5 29. N1e3 b4 30. Nf5 Bxd5 31. exd5 b3 32. d6 Qf6 33.
Qxf6 gxf6 34. d7 b2 35. Nh6+ Kg7 36. Nf5+ Kg8 37. Nh6+ Kg7 38. Nf5+ 1/2-1/2

[Event "OLNN 1819 SC Diogenes - Hamburger SK II"]
[Site "?"]
[Date "2018.10.21"]
[Round "1.7"]
[White "Bach, Matthias"]
[Black "Schoenwolff, Kai"]
[Result "1-0"]
[WhiteElo "2286"]
[BlackElo "2016"]
[PlyCount "85"]
[EventDate "2018.??.??"]

1. d4 Nc6 2. f4 d5 3. c4 Bf5 4. cxd5 Qxd5 5. Nf3 e6 6. Nc3 Bb4 7. Bd2 Bxc3 8.
bxc3 Nf6 9. e3 O-O 10. Be2 Ne4 11. O-O Rfd8 12. Be1 Qa5 13. Qc1 Ne7 14. Nh4 h6
15. Bd3 Nd6 16. Nxf5 exf5 17. Qc2 c5 18. c4 Qc7 19. d5 b5 20. Rd1 bxc4 21. Bxc4
Rab8 22. a3 Re8 23. Ba2 Nec8 24. Bc3 Qe7 25. Rfe1 Qe4 26. Qf2 Qa4 27. Qg3 g6
28. Qh4 Kh7 29. Qf6 Rg8 30. Bb1 Rb7 31. e4 fxe4 32. Be5 Rd7 33. Rc1 Qxa3 34.
Rc3 Qb4 35. Rec1 c4 36. Rh3 Nf5 37. g4 Qc5+ 38. Kh1 Ng7 39. Bxe4 Nd6 40. Rxh6+
Kxh6 41. Qg5+ Kh7 42. Qh4+ Nh5 43. Qxh5# 1-0

[Event "OLNN 1819 SK Johanneum Eppendorf - SK M"]
[Site "?"]
[Date "2018.10.21"]
[Round "1.1"]
[White "Hebbinghaus, Holger"]
[Black "Ertan, Can"]
[Result "1/2-1/2"]
[WhiteElo "2280"]
[BlackElo "2431"]
[PlyCount "50"]
[EventDate "2018.??.??"]

1. e4 e5 2. Nf3 Nc6 3. Nc3 Nf6 4. Be2 d5 5. exd5 Nxd5 6. O-O a6 7. d4 exd4 8.
Nxd4 Nxc3 9. bxc3 Nxd4 10. cxd4 Be7 11. Rb1 O-O 12. c4 Rb8 13. Be3 Bf5 14. Bd3
Qd7 15. Rb3 Rfd8 16. Bxf5 Qxf5 17. Qb1 Qxb1 18. Rfxb1 b6 19. g3 Bf6 20. d5 Be7
21. c5 Rxd5 22. cxb6 cxb6 23. Rxb6 Rxb6 24. Rxb6 a5 25. Rb8+ Rd8 1/2-1/2

[Event "OLNN 1819 SK Johanneum Eppendorf - SK M"]
[Site "?"]
[Date "2018.10.21"]
[Round "1.2"]
[White "Zart, Ruediger"]
[Black "Hawellek, Jeronimo"]
[Result "1/2-1/2"]
[WhiteElo "2159"]
[BlackElo "2280"]
[PlyCount "90"]
[EventDate "2018.??.??"]

1. e4 d6 2. d4 Nf6 3. Nc3 g6 4. Nf3 Bg7 5. Be2 O-O 6. O-O Nc6 7. d5 Nb8 8. h3
e5 9. dxe6 Bxe6 10. Nd4 Bd7 11. Bf3 Nc6 12. Nxc6 Bxc6 13. Bg5 h6 14. Bh4 Re8
15. Re1 Qd7 16. Qd2 Kh7 17. Rad1 Qe6 18. Nd5 Bxd5 19. exd5 Qd7 20. b3 b6 21. c4
a5 22. Qd3 Rxe1+ 23. Rxe1 Re8 24. Kf1 Rxe1+ 25. Kxe1 Qe8+ 26. Qe2 Qxe2+ 27.
Kxe2 g5 28. Bg3 Kg6 29. Bh2 Nd7 30. g4 Nc5 31. Ke3 Bb2 32. Be4+ Kf6 33. f4 a4
34. Bc2 a3 35. Kf3 Na6 36. Bg3 Bc1 37. fxg5+ hxg5 38. Be1 Bb2 39. Ke3 Ke5 40.
Bg3+ Kf6 41. Be1 Nc5 42. h4 Bc1+ 43. Kd4 gxh4 44. Bxh4+ Bg5 45. Bg3 Bd2 1/2-1/2

[Event "OLNN 1819 SK Johanneum Eppendorf - SK M"]
[Site "?"]
[Date "2018.10.21"]
[Round "1.3"]
[White "Ramme, Christoph"]
[Black "Schroeder, Christoph"]
[Result "1/2-1/2"]
[WhiteElo "2154"]
[BlackElo "2178"]
[PlyCount "56"]
[EventDate "2018.??.??"]

1. d4 Nf6 2. c4 e6 3. g3 d5 4. Nf3 dxc4 5. Qa4+ Bd7 6. Qxc4 Bc6 7. Bg2 Bd5 8.
Qc2 Be4 9. Qd1 c5 10. O-O cxd4 11. Qxd4 Qxd4 12. Nxd4 Bxg2 13. Kxg2 a6 14. b3
Bc5 15. Bb2 Nbd7 16. Nd2 O-O-O 17. Rac1 Kb8 18. N4f3 h6 19. Nc4 Be7 20. Rfd1
Nc5 21. Nce5 Rxd1 22. Rxd1 Rf8 23. Ba3 Ka7 24. Rc1 Nfe4 25. Nd7 Nxd7 26. Bxe7
Re8 27. Ba3 Kb6 28. Bb2 e5 {(=)} 1/2-1/2

[Event "OLNN 1819 SK Johanneum Eppendorf - SK M"]
[Site "?"]
[Date "2018.10.21"]
[Round "1.4"]
[White "Behrhorst, Frank"]
[Black "Mueller, Jan-Hendrik"]
[Result "1-0"]
[WhiteElo "2259"]
[BlackElo "2118"]
[PlyCount "81"]
[EventDate "2018.??.??"]

1. d4 Nf6 2. c4 e6 3. Nc3 Bb4 4. f3 c5 5. d5 b5 6. e4 O-O 7. Bg5 d6 8. Bd3 bxc4
9. Bxc4 Ba6 10. Bxa6 Nxa6 11. Nge2 exd5 12. Bxf6 Qxf6 13. Qxd5 Nc7 14. Qc4 Qh4+
15. g3 Qh6 16. Rd1 Kh8 17. O-O f5 18. Nd5 Nxd5 19. exd5 Bd2 20. f4 Be3+ 21. Kg2
Rfe8 22. Rf3 Rab8 23. Qc3 Bd4 24. Nxd4 cxd4 25. Qxd4 Re2+ 26. Rf2 Qh5 27. Rd2
Re7 28. Qc4 Qf7 29. Rfe2 Rc7 30. Qd4 h6 31. Re6 Rb6 32. Rxh6+ Kg8 33. Re6 Rc5
34. Rde2 Rbb5 35. Re8+ Kh7 36. R8e7 Qxd5+ 37. Qxd5 Rxd5 38. Rxa7 Ra5 39. Rxa5
Rxa5 40. b4 Ra4 41. Rb2 1-0

[Event "OLNN 1819 SK Johanneum Eppendorf - SK M"]
[Site "?"]
[Date "2018.10.21"]
[Round "1.5"]
[White "Hohlbein, Michael"]
[Black "von Gleich, Alexander"]
[Result "1-0"]
[WhiteElo "2102"]
[BlackElo "2334"]
[PlyCount "53"]
[EventDate "2018.??.??"]

1. e4 c5 2. Nc3 Nc6 3. d3 d6 4. Be3 g6 5. d4 cxd4 6. Bxd4 Nxd4 7. Qxd4 Nf6 8.
e5 dxe5 9. Bb5+ Bd7 10. Qxe5 Bg7 11. O-O-O O-O 12. Bxd7 Nxd7 13. Qb5 Bxc3 14.
bxc3 Qc7 15. Rxd7 Qxc3 16. Nf3 Rac8 17. Qb2 Qc5 18. Re1 Rfe8 19. Rd2 Rc6 20.
Re5 Qc4 21. Qb3 Qf1+ 22. Re1 Qa6 23. Ne5 Re6 24. f4 Rf8 25. Rd4 Qa5 26. Red1
Rb6 27. Nc4 1-0